Synthetic rubber technology (Record no. 43968)

MARC details
000 -LEADER
fixed length control field 00381nam a2200157Ia 4500
082 ## - DEWEY DECIMAL CLASSIFICATION NUMBER
Classification number 678.7:62
Item number PEN
100 ## - MAIN ENTRY--AUTHOR NAME
Personal name Penn, W S
245 #0 - TITLE STATEMENT
Title Synthetic rubber technology
650 ## - SUBJECT ADDED ENTRY--TOPICAL TERM
Topical Term Butyl rubber
650 ## - SUBJECT ADDED ENTRY--TOPICAL TERM
Topical Term Butyl tyres
650 ## - SUBJECT ADDED ENTRY--TOPICAL TERM
Topical Term High styrene copolymers
650 ## - SUBJECT ADDED ENTRY--TOPICAL TERM
Topical Term Neoprene
650 ## - SUBJECT ADDED ENTRY--TOPICAL TERM
Topical Term Nitrile rubbers
942 ## - ADDED ENTRY ELEMENTS (KOHA)
Koha item type Books
Holdings
Withdrawn status Lost status Damaged status Not for loan Home library Current library Date acquired Source of acquisition Full call number Accession Number Koha item type
        RRII Library RRII Library 16/12/2021 Gift 678.7:62 PEN G00717 Books